| 000 | 01313cad a22002055a 4500 | ||
|---|---|---|---|
| 001 | L155677 | ||
| 008 | 120402s2012 xxk 000 0 eng d | ||
| 035 | _a(Sirsi) u155677 | ||
| 041 | 0 | _aeng | |
| 110 | 2 |
_aCushman & Wakefield _95888 |
|
| 245 | 0 | 0 |
_aEconomic pulse _bthe impacts of economic conditions on commercial real estate markets around the world - March/April 2012 _h[electronic resource] |
| 260 |
_a[S.l.] _bCushman & Wakefield _c2012 |
||
| 490 | 0 |
_aCushman & Wakefield Economic Pulse _vMarch/April 2012 |
|
| 520 | _aOffers a global overview and regional analysis, detailing economic and real estate conditions in the Americas, EMEA and Asia Pacific, giving additional insights into the trends driving these three very different real estate markets, and an outlook for the remainder of 2012: Global pulse - Change, risk and opportunities; The Americas pulse - Better times ahead; EMEA pulse - Recovery delayed, not cancelled; Asia Pacific pulse - Slow growth ahead but no recession. | ||
| 590 | _aKA | ||
| 651 | 4 | _aInternational | |
| 690 |
_aCommercial property _96227 |
||
| 856 | 4 | 0 |
_uhttps://www.cushwake.com/cwglobal/jsp/kcGlobalReportArchive.jsp?Country=GLOBAL&Language=EN&catId=100003§or=ALL _zView the report after free registration with the Knowledge Center at www.cushwake.com |
| 942 | _n0 | ||
| 999 |
_c83896 _d83896 |
||